000 00822nam a2200253 a 4500
001 19817
003 BD-RjUL
005 20211209000500.0
008 140225t1956 enk 001 1 eng d
035 _a(BD-RjUL)19878
035 _a(OCoLC)1720244
040 _aJPL
_cJPL
_dOCL
_dm.c
_dEQO
_dBD-RjUL
_beng
041 _aeng
082 0 4 _a823.8
_bTIN 1956
100 1 _aTillotson, Kathleen,
_d1906-2001.
_960871
245 1 0 _aNovels of the eighteen-forties /
_cKathleen Tillotson.
260 _aOxford :
_bClarendon Press,
_c1956.
300 _ax, 328 p. ;
_c20 cm.
500 _a"Reprinted from corrected sheets of the first edition."
504 _aIncludes Bibliographical reference and index.
650 0 _aEnglish fiction
_y19th century
_xHistory and criticism.
_956557
942 _2ddc
_cBK
999 _c19817
_d19817